| 000 | 01121cam a22002054a 4500 | ||
|---|---|---|---|
| 005 | 20250605164241.0 | ||
| 008 | 250528s ||||||||||||||||||||||||d | ||
| 035 | _a21325 | ||
| 020 | _a9780321657749 | ||
| 040 |
_aGR-AtMCL _bgre _dGR-AtMCL _eAACR2 |
||
| 245 | 1 | _aWindows System Programming / Fourth Edition | |
| 250 | _a4th | ||
| 260 |
_bΕκδόσεις Κριτική - Επιστημονική Βιβλιοθήκη, _c2010 |
||
| 300 | _a620 | ||
| 520 | _aFigure, Tables, Preface, Getting Started with Windows, Using the Windows File System and Character I/ O, Advanced File and Directory Processing and the Registry, Exception Handling, Memory Management and Memory-Mapped Files and DLLs, Process Management, Threads and Scheduling, Thread Synchronization, Locking and Performance and NT6 Enhancements, Advanced Thread Synchronization, Interprocess Communication, Network Programming with Windows Sockets, Windows Services, Asynchronous Input/ Output and Cmpletion Ports, Securing Windows Objects, Bibliography, Index. | ||
| 700 | 1 |
_aHart Johnson M _97375 |
|
| 942 | _cBK | ||
| 999 |
_c6390 _d6390 |
||